Statistics for Χώρες της πρώην Σοβιετικής Ένωσης

Click here to take the quiz!

General Stats

  • This quiz has been taken 331 times
  • The average score is 13 of 15

Answer Stats

ΑνεξαρτησίαΠεριοχήΧώρα% Correct
24η Αυγούστου 1991Ανατολική ΕυρώπηΟυκρανία
99%
12η Δεκεμβρίου 1991ΕυρασίαΡωσία
94%
11η Μαρτίου 1990ΒαλτικήΛιθουανία
93%
21η Αυγούστου 1991ΒαλτικήΛετονία
93%
25η Αυγούστου 1991Ανατολική ΕυρώπηΛευκορωσία
93%
20ή Αυγούστου 1991ΒαλτικήΕσθονία
91%
9η Απριλίου 1991ΚαύκασοςΓεωργία
90%
16η Δεκεμβρίου 1991Κεντρική ΑσίαΚαζακστάν
88%
21η Σεπτεμβρίου 1991ΚαύκασοςΑρμενία
87%
27η Αυγούστου 1991Ανατολική ΕυρώπηΜολδαβία
86%
30ή Αυγούστου 1991ΚαύκασοςΑζερμπαϊτζάν
82%
31η Αυγούστου 1991Κεντρική ΑσίαΟυζμπεκιστάν
80%
27η Οκτωβρίου 1991Κεντρική ΑσίαΤουρκμενιστάν
79%
9η Σεπτεμβρίου 1991Κεντρική ΑσίαΤατζικιστάν
75%
31η Αυγούστου 1991Κεντρική ΑσίαΚιργιστάν
69%

Score Distribution

Percentile by Number Answered

Percent of People with Each Score

Your Score History

You have not taken this quiz